Logotipos famosos - Estadísticas

Estadísticas generales
  • Esta prueba ha sido intentada 84 veces
  • La puntuación promedio es 19 de 36
Estadísticas de respuestas
Imagen Respuesta % Correcto
Wikipedia
97%
Yahoo!
94%
Santander
90%
Nestlé
85%
Pringles
85%
Glovo
84%
Motorola
81%
Nintendo Switch
81%
Škoda
81%
Don Limpio
75%
Chanel
74%
Kappa
74%
Xiaomi
68%
Gallo
66%
Umbro
66%
Napoles
65%
Asics
63%
Países Bajos
63%
Galatasaray
62%
Caja Rural
50%
Temple Run
47%
Miami Heat
46%
Mozilla Firefox
46%
Pescanova
41%
Blue Banana
32%
Decathlon
32%
Unicaja
32%
Michael Kors
31%
Evián
24%
Hurley
9%
Quechua
9%
Doodle Jump
7%
Teatro Kapital
6%
Fl Studio
4%
Arena
3%
Teatro Barceló
1%
No se encontraron pruebas coincidentes
Distribución de puntuación
Porcentaje de gente con cada puntuación
Porcentaje por número respondido
Historial de tus puntuaciones
No has intentado esta prueba.